书目信息 |
| 题名: |
电脑音乐
|
|
| 作者: | 李洁 主编 | |
| 分册: | ||
| 出版信息: | 北京 中国水利水电出版社 1998 |
|
| 页数: | 386页 | |
| 开本: | 26cm | |
| 丛书名: | 电脑十大功能丛书 | |
| 单 册: | ||
| 中图分类: | J614.8 | |
| 科图分类: | 38.6351 | |
| 主题词: | 音乐--技术--理论 , 音乐--技术--方法 | |
| 电子资源: | ||
| ISBN: | 7-80124-545-8 | |
| 000 | 00664nam2 2200241 45 | |
| 001 | 0198016732 | |
| 005 | 20070725083336.53 | |
| 010 | @a7-80124-545-8@dCNY34.00 | |
| 100 | @a19980324d1998 cdmy0chiy0121 ea | |
| 101 | 0 | @achi |
| 105 | @ay z 000yy | |
| 200 | 10 | @a电脑音乐@Adian nao yin yue@f李洁主编@Fli jie zhu bian |
| 210 | @a北京@c中国水利水电出版社@d1998 | |
| 215 | @a386页@d26cm | |
| 225 | 2 | @a电脑十大功能丛书 |
| 410 | 0 | @12001 @a电脑十大功能丛书 |
| 606 | 0 | @a音乐@x技术@x理论 |
| 606 | 0 | @a音乐@x技术@x方法 |
| 690 | @aJ614.8@v3 | |
| 692 | @a38.6351@v2 | |
| 701 | 0 | @a李洁@Ali jie@4主编 |
| 801 | 0 | @aCN@bTSSF@c20070725 |
| 905 | @a10447@dJ614.8@e480 | |
| 电脑音乐/李洁主编.-北京:中国水利水电出版社,1998 |
| 386页;26cm.-(电脑十大功能丛书) |
| ISBN 7-80124-545-8:CNY34.00 |
| ● |
| 相关链接 |
|
|
|
|
正题名:电脑音乐
索取号:J614.8/480
 
预约/预借
| 序号 | 登录号 | 条形码 | 馆藏地/架位号 | 状态 | 备注 |
| 1 | 0765517 | 207655170 | 第一样本阅览室/ [索取号:J614.8/480] | 在馆 |